Podlinkové aktivity
Public relation - viac strategickej komunikácie. Informácie o produktových novinkách. Riadená interná komunikácia v podnikoch. Najvýznamnejšie projekty public relation v r. 2003. Priamy marketing - agentúry sa zhodli na nutnosti spoločného postupu najmä v oblasti legislatívy a vzdelávania. Sales pro...
Gespeichert in:
| Format: | Buchkapitel |
|---|---|
| Sprache: | Slowakisch |
| Schlagworte: | |
| Tags: |
Keine Tags, Fügen Sie das erste Tag hinzu!
|
MARC
| LEADER | 00000naa$a2200000$$$4500 | ||
|---|---|---|---|
| 001 | 0008307 | ||
| 005 | 20231004064701.0 | ||
| 041 | 0 | |a slo | |
| 044 | |a SK | ||
| 245 | 1 | 0 | |a Podlinkové aktivity |
| 520 | |a Public relation - viac strategickej komunikácie. Informácie o produktových novinkách. Riadená interná komunikácia v podnikoch. Najvýznamnejšie projekty public relation v r. 2003. Priamy marketing - agentúry sa zhodli na nutnosti spoločného postupu najmä v oblasti legislatívy a vzdelávania. Sales promotion, event marketing - hodnotenie. | ||
| 610 | 2 | 0 | |a reklama |
| 610 | 2 | 0 | |a komunikácia marketingová |
| 610 | 2 | 0 | |a nástroje marketingové |
| 610 | 2 | 0 | |a práca s verejnosťou |
| 610 | 2 | 0 | |a marketing priamy |